Country Flag-Shapes by Partial Images #3 - Statistics

General Stats
  • This quiz has been taken 10 times
  • The average score is 18 of 25
Answer Stats
Picture Answer % Correct
Cyprus
100%
East Timor
100%
Ireland
100%
Montenegro
100%
Singapore
100%
Afghanistan
89%
Cameroon
89%
Gambia
89%
Iran
89%
Lebanon
89%
Malawi
89%
Mozambique
89%
Seychelles
89%
Antigua and Barbuda
78%
Somalia
78%
Venezuela
78%
Honduras
67%
Senegal
67%
Gabon
56%
Peru
56%
Belgium
33%
Costa Rica
33%
Luxembourg
22%
Moldova
11%
Armenia
0%
No matching quizzes found
Score Distribution
Percent of People with Each Score
Percentile by Number Answered
Your Score History
You have not taken this quiz